000 00403nam a2200169 i 4500
001 bg
100 1 _aDUDEK, Andrzej
245 0 _aOleje smarowe /
_cAndrzej Dudek.
260 _aGdaƄsk, "MET-PRESS",
_c1997.
650 9 _aSmary
_xstosowanie
650 9 _aOleje smarowe
_xprodukcja
040 _cBPK
041 _apol
080 _a66/69
942 _cKS
008 s pl f |000 0 pol
999 _c49740
_d49740
856 _uhttp://koha.tu.koszalin.pl/cgi-bin/koha/opac-detail.pl?biblionumber=49740
_yKatalog online BPK